[Event "RUS-ch (Women) sf"]
[Site "Kolontaevo"]
[Date "1997.??.??"]
[Round "?"]
[White "Sidorova, Elena"]
[Black "Zhurina, Elizaveta"]
[Result "0-1"]
[WhiteElo "2150"]
[BlackElo "2235"]

1.d4 f5 2.Nf3 Nf6 3.g3 g6 4.Bg2 Bg7 5.O-O O-O 6.c4 d6 7.Nc3 Nc6 8.d5 Na5
9.Qd3 e5 10.dxe6 Bxe6 11.b3 Nc6 12.Bb2 Ne4 13.Rac1 Bf7 14.Rfd1 h6 15.Ne1 Qe8
16.e3 g5 17.f3 Nc5 18.Qd2 f4 19.Nc2 Bg6 20.e4 Ne5 21.Qe2 fxg3 22.hxg3 Qf7
23.Ne1 Bh5 24.g4 Bg6 25.Nd5 Ne6 26.Bc3 h5 27.Ne3 Nf4 28.Qf1 Nxg2 29.Qxg2 Nxf3+
30.Nxf3 Qxf3 31.Nf5 Qxg2+ 32.Kxg2 Bxf5 33.gxf5 Rae8 34.Bxg7 Kxg7 35.Kf3 Re5
36.Rg1 Kf6 37.Rh1 h4 38.Rcg1 c6 39.Rd1 Rd8 40.Rd4 d5 41.exd5 Kxf5 42.Rhd1 c5
43.Rg4 Re3+ 44.Kxe3 Kxg4 45.Rg1+ Kh5 46.Rf1 Rd7 47.Rf8 Kg4 48.Rg8 h3 49.Kf2 Rh7  0-1

[Event "Krasnodar op"]
[Site "Krasnodar"]
[Date "1997.??.??"]
[Round "?"]
[White "Koniushkov, Igor"]
[Black "Belotserkovsky, Andrey"]
[Result "1/2-1/2"]
[WhiteElo "2405"]
[BlackElo "2285"]

1.d4 f5 2.g3 Nf6 3.Bg2 g6 4.Nf3 Bg7 5.O-O O-O 6.c4 d6 7.Nc3 Nc6 8.d5 Na5
9.Qa4 c5 10.dxc6 bxc6 11.c5 dxc5 12.Ne5 Qb6 13.Rd1 Ba6 14.Qc2 Rfd8 15.Be3  1/2-1/2

[Event "US-op"]
[Site "Las Vegas"]
[Date "1997.??.??"]
[Round "4"]
[White "Hjartarson, Johann"]
[Black "Graves, P."]
[Result "1-0"]
[WhiteElo "2595"]
[BlackElo "2345"]

1.d4 f5 2.Nf3 Nf6 3.g3 g6 4.Bg2 Bg7 5.O-O O-O 6.c4 d6 7.Nc3 Qe8 8.d5 Na6
9.Rb1 Nc5 10.Nd4 a5 11.b3 Bd7 12.a3 Ng4 13.h3 Ne5 14.f4 Nf7 15.Be3 Rb8 16.Bf2 c6
17.b4 axb4 18.axb4 Na6 19.e4 Nh6 20.Re1 c5 21.bxc5 dxc5 22.Ndb5 Bxb5 23.Nxb5 fxe4
24.Rxe4 Qd7 25.Qe2 Rbe8 26.Re1 Nf5 27.g4 Nd6 28.Rxe7 Qxe7 29.Qxe7 Rxe7 30.Rxe7 Nxc4
31.d6  1-0

[Event "US-op"]
[Site "Las Vegas"]
[Date "1997.??.??"]
[Round "4"]
[White "Graves, P."]
[Black "Burtman, Sharon"]
[Result "1-0"]
[WhiteElo "2345"]
[BlackElo "2160"]

1.d4 f5 2.g3 Nf6 3.Bg2 g6 4.Nf3 Bg7 5.O-O O-O 6.c4 d6 7.Nc3 Qe8 8.d5 Na6
9.Nd4 Bd7 10.Rb1 c5 11.dxc6 bxc6 12.b4 Rc8 13.Nc2 Ng4 14.Bd2 Ne5 15.Na3 Nc7
16.b5 Ne6 17.bxc6 Bxc6 18.Nd5 Nc5 19.Nb5 Qd7 20.Nd4 Ba8 21.Bg5 Rf7 22.Nxe7+ Rxe7
23.Bxa8 Rxa8 24.Bxe7 Qxe7 25.Nxf5 Qe6 26.Qxd6 Bf8 27.Qxe6+ Nxe6 28.Ne3 Nd4
29.Rfe1 Rc8 30.Rb7 Nec6 31.Nd5 Bg7 32.Kg2 Re8 33.e3 Ne6 34.Reb1 Kf8 35.R1b5 Ned8
36.Rd7 Re4 37.Rc5 Re5 38.f4 Re6 39.Kf3 h6 40.Rb5 Bh8 41.Nc7 Re7 42.Rbd5 Rxd7
43.Rxd7 Bc3 44.Nb5  1-0

[Event "Leon"]
[Site "Leon"]
[Date "1997.??.??"]
[Round "2"]
[White "Lima, Darcy"]
[Black "Mellado Trivino, Juan"]
[Result "0-1"]
[WhiteElo "2420"]
[BlackElo "2430"]

1.d4 f5 2.Nf3 Nf6 3.g3 g6 4.Bg2 Bg7 5.O-O O-O 6.c4 d6 7.Nc3 Nc6 8.b3 Ne4
9.Bb2 Nxc3 10.Bxc3 e5 11.dxe5 Qe8 12.Nd4 Nxe5 13.Qd2 c6 14.Rae1 Qf7 15.f4 Ng4
16.e4 fxe4 17.Bxe4 Bf5 18.Bxf5 gxf5 19.h3 Nh6 20.Re6 c5 21.Rxd6 cxd4 22.Bxd4 Rad8
23.Bxa7 Rxd6 24.Qxd6 b5 25.Qd5 Qxd5 26.cxd5 Ra8 27.Bb6 Rxa2 28.Rd1 Nf7 29.d6 Ra1
30.Rxa1 Bxa1 31.d7 Bf6 32.Kf2 Nd8 33.Ke3 Kf7 34.Bxd8 Bxd8 35.Kd4 Ke6 36.Kc5 h5
37.Kxb5 Kxd7 38.Kc4 h4 39.gxh4 Bc7  0-1

[Event "Anibal op 4th"]
[Site "Linares"]
[Date "1997.??.??"]
[Round "9"]
[White "Allahverdiev, Anar"]
[Black "Saldano, Horacio"]
[Result "1/2-1/2"]
[WhiteElo "2380"]
[BlackElo "2360"]

1.c4 f5 2.Nf3 Nf6 3.g3 g6 4.Bg2 Bg7 5.O-O O-O 6.d4 d6 7.Nc3 Qe8 8.d5 a5 9.Nd4 Na6
10.b3 h6 11.Bb2 g5 12.Qd2 f4 13.gxf4 gxf4 14.Ne6 Bxe6 15.dxe6 Ng4 16.h3 Ne5
17.Nd5 f3 18.exf3 c6  1/2-1/2

[Event "Linz op"]
[Site "Linz"]
[Date "1997.??.??"]
[Round "2"]
[White "Vovsha, Eli"]
[Black "Malaniuk, Vladimir P"]
[Result "0-1"]
[WhiteElo "2205"]
[BlackElo "2610"]

1.Nf3 f5 2.d4 g6 3.g3 Bg7 4.Bg2 Nf6 5.O-O O-O 6.c4 d6 7.Nc3 c6 8.d5 e5 9.dxe6 Bxe6
10.Qd3 Re8 11.Ng5 Nbd7 12.Nxe6 Rxe6 13.Qc2 Qe7 14.e3 a5 15.b3 Ne4 16.Bb2 Nxc3
17.Bxc3 Bxc3 18.Qxc3 Qg7 19.Qxg7+ Kxg7 20.Rfd1 Kf6 21.e4 fxe4 22.Bh3 Ne5
23.Bxe6 Kxe6 24.Kg2 d5 25.cxd5+ cxd5 26.Rac1 Kd6 27.Rc2 Rf8 28.Rcd2 Nd3 29.Rxd3 exd3
30.Rxd3 Rf7 31.Rd2 Ke5 32.Re2+ Kd4 33.Rd2+ Ke4 34.Kf1 d4 35.Re2+ Kd3 36.Ke1 Rc7
37.Rd2+ Kc3 38.Kd1 d3 39.f4 Kd4 40.Rb2 Ke3 41.Rd2 h5 42.Rb2 Rc3 43.Rd2 Kf3  0-1

[Event "London Agency"]
[Site "London"]
[Date "1997.??.??"]
[Round "3"]
[White "Richardson, John R"]
[Black "Tozer, Richard"]
[Result "1-0"]
[WhiteElo "2360"]
[BlackElo "2380"]

1.d4 f5 2.g3 Nf6 3.Bg2 g6 4.Nf3 Bg7 5.O-O O-O 6.c4 d6 7.Nc3 Qe8 8.d5 Na6
9.Rb1 Bd7 10.b4 c6 11.dxc6 bxc6 12.a3 Nc7 13.Bb2 h6 14.c5 d5 15.Ne5 g5 16.f3 f4
17.g4 h5 18.h3 Nxg4 19.fxg4 Bxe5 20.Nxd5 Nxd5 21.Bxd5+ e6 22.Be4 Bxb2 23.Rxb2 e5
24.Rd2 Be6 25.Rd6 Rc8 26.Qd3 hxg4 27.hxg4 Rc7 28.Qh3 Rg7 29.Bxc6 Qc8 30.Qc3 Bxg4
31.Qxe5 Bf5 32.Kf2 Bh7 33.Bd5+ Kh8 34.Be6 Qe8  1-0

[Event "CRO-chT2"]
[Site "Medulin"]
[Date "1997.??.??"]
[Round "?"]
[White "Kostanjsek, Zorko"]
[Black "Viland, Boris"]
[Result "1-0"]
[WhiteElo "2230"]
[BlackElo "2210"]

1.Nf3 f5 2.c4 Nf6 3.g3 g6 4.Bg2 Bg7 5.O-O O-O 6.d4 d6 7.Nc3 Qe8 8.d5 a5 9.Nd4 Na6
10.b3 h6 11.e4 fxe4 12.Nxe4 Nxe4 13.Bxe4 Bh3 14.Re1 Nc5 15.Bc2 Qf7 16.Be3 Rae8
17.f4 e5 18.dxe6 Nxe6 19.Qd2 g5 20.Nxe6 Rxe6 21.Rac1 gxf4 22.Bxf4 Be5 23.Bxe5 Rxe5
24.Bd3 Qf3 25.c5 Rxe1+ 26.Rxe1 d5 27.Qe2 Qf6 28.Qe3 h5 29.a3 c6 30.b4 axb4
31.axb4 d4 32.Bc4+ Kh7 33.Qe7+ Kg6 34.Qxf6+ Rxf6 35.Re4  1-0

[Event "Metz op"]
[Site "Metz"]
[Date "1997.??.??"]
[Round "8"]
[White "Nezar, Mustapha"]
[Black "Quenette, Antoine"]
[Result "1/2-1/2"]
[WhiteElo "2230"]
[BlackElo "1990"]

1.c4 f5 2.g3 Nf6 3.Bg2 g6 4.Nf3 Bg7 5.d4 O-O 6.O-O c6 7.Nc3 Ne4 8.Be3 d5
9.Qb3 e6 10.Rad1 Kh8 11.Nxe4 fxe4 12.Nd2 Nd7 13.f3 exf3 14.exf3 Qc7 15.f4 Nf6
16.Kh1 Ng4 17.Bg1 Nh6 18.Rfe1 Bd7 19.Nf3 Rae8 20.Re2 Bf6 21.Bf2 Bc8 22.Rc2 Qd8
23.Qa3 a6 24.Qd3 Nf5 25.Kg1 Nd6 26.b3 Nf7 27.Re2 Nh6 28.Be1 Nf5 29.Bb4 Rg8
30.Ne5 Kg7 31.Bc3 Qc7 32.Bf1 Rd8 33.c5 Rgf8 34.g4 Ne7 35.Qg3 Kg8 36.h4 Bxe5
37.Rxe5 Rf7 38.Bd3 Rdf8 39.Rf1 Kh8 40.Bd2 Ng8 41.h5 gxh5 42.Rxh5 Nf6 43.Re5 Rg7
44.g5 Ng8 45.Rf2 Ne7 46.Rf3 Nf5 47.Qf2 Qf7 48.Be2 Ne7 49.Bd3 Nf5 50.Re1 Ne7
51.Rg3 Nf5 52.Rg2 Ne7 53.Rf1 Ng6 54.Qe1 Qc7 55.Qg3 Ne7 56.Qe3 Nf5 57.Qe5 Qxe5
58.fxe5 Rfg8 59.Bxf5 exf5 60.e6 Rg6 61.Bf4 Re8 62.Be5+ Kg8 63.Rxf5 Bxe6 64.Rf6 Bf7
65.Kf2 Re6 66.Kf3 Kf8 67.Rh2 Rxg5 68.Rxe6 Bxe6 69.Rxh7 Bf7 70.Bd6+ Ke8 71.Rh8+ Rg8
72.Rh1 Kd7 73.Rh7 Ke6 74.Kf4 Rg2 75.Rh8 Rg8 76.Rh2 Re8 77.Rh6+ Kd7 78.Kf5 Be6+
79.Kf6 Bg8 80.Rh8 Rc8 81.Kg7 Be6 82.Rh6 Re8 83.Kf6 Bg8 84.Rh8 Rc8 85.Kg7 Be6
86.Bf8 Re8 87.Rh6 Kc8 88.Bd6 Kd7 89.Kg6 Bg8 90.Kg7 Be6 91.Rh5 Kc8 92.Kf6 Bd7
93.Rh7 Re6+ 94.Kf7 Re8 95.Be7 Kb8 96.Bd6+ Kc8 97.Be5 Rd8  1/2-1/2

[Event "Metz op"]
[Site "Metz"]
[Date "1997.??.??"]
[Round "9"]
[White "Komljenovic, Davor"]
[Black "Bauer, Christian"]
[Result "1-0"]
[WhiteElo "2460"]
[BlackElo "2505"]

1.d4 f5 2.Nf3 Nf6 3.g3 g6 4.Bg2 Bg7 5.O-O O-O 6.c4 d6 7.Nc3 c6 8.b3 Na6 9.Bb2 Rb8
10.d5 Qe8 11.Qd2 Bd7 12.e4 Nc5 13.exf5 Bxf5 14.Nd4 Bd7 15.Rae1 Rc8 16.Re2 Qf7
17.Rfe1 Rfe8 18.b4 Na6 19.dxc6 bxc6 20.b5 Nb8 21.Ne6 Bxe6 22.Rxe6 Kh8 23.Qe2 cxb5
24.Nxb5 Nbd7 25.Nxa7 Rb8 26.Nc6 Rxb2 27.Qxb2 Ne4 28.Qc2 Qxe6 29.Qxe4 Qxe4
30.Bxe4 Nc5 31.Bd5 e6 32.Bf3 Ra8 33.Re2 Ra4 34.Nd8 Rxc4 35.Nxe6 Bf6 36.Kg2 Nd3
37.Bd5 Rc3 38.h4 Nb4 39.Bb3 Be5 40.Ng5 Kg7 41.f4 Bf6 42.Re8 d5 43.Rb8 Bxg5
44.hxg5 Nc2 45.a4 Ne3+ 46.Kf2 Nc4 47.g4 Rd3 48.Rb7+ Kh8 49.Rb5 Rd4 50.Kg3 Rd3+
51.Kg2 Rd2+ 52.Kf3 Rd4 53.a5 Nd2+ 54.Ke3 Nxb3 55.Rxb3 Re4+ 56.Kd3 Ra4 57.Rb5 d4
58.Rd5 Kg7 59.Kc2 Kf7 60.Kb3 Ra1 61.Kb4 Rd1 62.Kc4 Rc1+ 63.Kxd4 Ke6 64.f5+ Ke7
65.Rb5 Rg1 66.Ke5 Re1+ 67.Kd5 Rd1+ 68.Kc6  1-0

[Event "Minsk op"]
[Site "Minsk"]
[Date "1997.??.??"]
[Round "7"]
[White "Neverov, Valeriy"]
[Black "Malaniuk, Vladimir P"]
[Result "1/2-1/2"]
[WhiteElo "2530"]
[BlackElo "2610"]

1.d4 f5 2.Nf3 g6 3.g3 Bg7 4.Bg2 Nf6 5.O-O O-O 6.c4 d6 7.Nc3 c6 8.Re1 Ne4
9.Qc2 Nxc3 10.bxc3 e5 11.dxe5 dxe5 12.Ba3 Re8 13.Rad1 Qf6 14.e4 f4 15.Rd6 Be6
16.Bh3 fxg3 17.hxg3 Na6 18.Bxe6+ Rxe6 19.Rxe6 Qxe6 20.Qb3 b5 21.cxb5 Qxb3
22.axb3 cxb5 23.Rd1 Rc8 24.Rd7 h6 25.Rxa7 Nc5 26.Bxc5 Rxc5 27.Nh4 Rxc3 28.Nxg6 Rxb3
29.Ne7+ Kh8 30.Nf5 Bf8 31.Ra8 Kg8 32.Nxh6+ Kg7 33.Nf5+ Kf7 34.Kg2 Rc3 35.Ra6 b4
36.g4 Rc4 37.g5 Rxe4 38.g6+ Kg8 39.g7 Bxg7 40.Rg6 Kf7 41.Rxg7+ Kf6 42.Ng3 Kxg7
43.Nxe4 b3 44.Kf3 b2 45.Nd2 Kf6 46.Ke4 Ke6  1/2-1/2

[Event "Mondariz op"]
[Site "Mondariz"]
[Date "1997.??.??"]
[Round "?"]
[White "San Segundo, Pablo"]
[Black "Mellado Trivino, Juan"]
[Result "0-1"]
[WhiteElo "2495"]
[BlackElo "2430"]

1.d4 f5 2.g3 Nf6 3.Bg2 g6 4.Nf3 Bg7 5.O-O O-O 6.c4 d6 7.b3 e5 8.dxe5 dxe5
9.Ba3 Qxd1 10.Rxd1 Re8 11.Nc3 e4 12.Nd4 c6 13.Rab1 Nbd7 14.Bd6 Ne5 15.h3 Bd7
16.Nc2 Rad8 17.a4 Bf8 18.f4 exf3 19.exf3 Bc8 20.Bxf8 Kxf8 21.Rxd8 Rxd8 22.f4 Rd2
23.Ne3 Nd3 24.Rd1 Rxd1+ 25.Nexd1 a5 26.Na2 Be6 27.Nf2 Nc5 28.Nc1 Ke7 29.Nfd3 Kd6
30.Bf3 Nfe4 31.Kg2 Nxd3 32.Nxd3 Nc5 33.Nc1 b5 34.cxb5 cxb5 35.Bd1 bxa4 36.bxa4 Bd7
37.Bc2 Kd5 38.Bb3+ Nxb3  0-1

[Event "Montcada op"]
[Site "Montcada"]
[Date "1997.??.??"]
[Round "2"]
[White "Monzon, Cristian"]
[Black "Gonzalez Velez, Fermin"]
[Result "0-1"]
[WhiteElo "2170"]
[BlackElo "2400"]

1.c4 f5 2.Nf3 Nf6 3.g3 g6 4.Bg2 Bg7 5.O-O O-O 6.d4 d6 7.b4 Qe8 8.Bb2 c6 9.Nbd2 h6
10.Re1 Na6 11.a3 Qf7 12.Qc2 Be6 13.Rac1 g5 14.b5 Nc7 15.bxc6 bxc6 16.c5 Rab8
17.Ba1 Ne4 18.cxd6 exd6 19.Qxc6 Nb5 20.a4 Nxd2 21.axb5 Nb3 22.Rcd1 Rb6 23.Qc2 Rc8
24.Qd3 Bc4 25.Qc3 Rxb5 26.e4 Rbb8 27.exf5 Be2 28.Rxe2 Rxc3 29.Bxc3 Re8 30.Nxg5 hxg5
31.Rxe8+ Qxe8 32.Bd5+ Kh7 33.Bxb3 Qc6 34.Bd2 Bxd4 35.Be6 Qc2  0-1

[Event "Goldberg mem"]
[Site "Moscow "]
[Date "1997.??.??"]
[Round "1"]
[White "Baikov, Vladimir A"]
[Black "Annakov, Babakuli"]
[Result "0-1"]
[WhiteElo "2455"]
[BlackElo "2365"]

1.d4 f5 2.c4 Nf6 3.g3 g6 4.Bg2 Bg7 5.Nf3 O-O 6.O-O d6 7.Nc3 Nc6 8.Qc2 e5
9.dxe5 dxe5 10.Rd1 Bd7 11.Bg5 e4 12.Nd4 Nxd4 13.Rxd4 Qe8 14.Rad1 Be6 15.b3 h6
16.Bxf6 Bxf6 17.R4d2 c6 18.e3 Qe7 19.Ne2 Rad8 20.Nd4 Bf7 21.c5 Rd5 22.b4 Rfd8
23.Nb3 Kg7 24.Rxd5 Bxd5 25.Bf1 Qf7 26.Na5 g5 27.Bc4 f4 28.Bxd5 cxd5 29.Nb3 Qd7
30.Kh1 Qg4 31.Nd2 fxe3 32.fxe3 Qe2 33.Qb3 Rf8 34.Nf1 Bd4 35.Kg1 Rf2  0-1

[Event "Goldberg mem"]
[Site "Moscow "]
[Date "1997.??.??"]
[Round "3"]
[White "Baikov, Vladimir A"]
[Black "Lastin, Alexander"]
[Result "1/2-1/2"]
[WhiteElo "2455"]
[BlackElo "2535"]

1.d4 f5 2.c4 Nf6 3.g3 g6 4.Bg2 Bg7 5.Nf3 O-O 6.O-O d6 7.Nc3 Qe8 8.d5 a5 9.Be3 h6
10.Re1 Na6 11.Qd2 Kh7 12.Rad1 Bd7  1/2-1/2

[Event "Goldberg mem"]
[Site "Moscow "]
[Date "1997.??.??"]
[Round "10"]
[White "Rychagov, Andrei"]
[Black "Lastin, Alexander"]
[Result "1/2-1/2"]
[WhiteElo "2455"]
[BlackElo "2535"]

1.d4 f5 2.g3 Nf6 3.Bg2 g6 4.Nf3 Bg7 5.O-O O-O 6.c4 d6 7.Nc3 Qe8 8.b3 e5 9.dxe5 dxe5
10.Nd5 Nxd5 11.Qxd5+ Kh8 12.Ba3 Rg8 13.Bb2 Nc6 14.e4 Qe7 15.exf5 Rd8 16.f6 Bxf6
17.Qe4 Bf5 18.Qe3 Rd3 19.Qe2 Rad8 20.Rae1 Bg4 21.Qe4 Bf5 22.Qe2 Bg4 23.Ba1 Nd4
24.Bxd4 R8xd4 25.h3 Bxf3 26.Bxf3 Rd2 27.Qe3  1/2-1/2

[Event "Moscow-ch (Women)"]
[Site "Moscow"]
[Date "1997.??.??"]
[Round "7"]
[White "Grabuzova, Tatiana"]
[Black "Zhurina, Elizaveta"]
[Result "1/2-1/2"]
[WhiteElo "2315"]
[BlackElo "2235"]

1.d4 f5 2.Nf3 Nf6 3.c4 g6 4.g3 Bg7 5.Bg2 O-O 6.O-O d6 7.Nc3 Nc6 8.d5 Na5
9.Qa4 c5 10.dxc6 Nxc6 11.Rd1 Qa5 12.Qxa5 Nxa5 13.Nd5 Nxd5 14.cxd5 Bd7 15.Nd4 Rfc8
16.b3 b6 17.Bb2 Rc7 18.e3 Rac8 19.Bf1 Nb7 20.Ba6 Rb8 21.b4 Bf6 22.Rab1 Ba4
23.Re1 Bd7 24.Ba1 Kf8 25.Rbc1 Rbc8 26.Nc6 Bxa1 27.Rxa1 Ra8 28.Rac1 Rac8 29.Rcd1 Ra8
30.e4 fxe4 31.Rxe4 Bxc6 32.dxc6 Nd8 33.Rf4+ Kg7 34.Bc4 e5 35.Rf3 Nxc6 36.Bd5 Rac8
37.Bxc6 Rxc6 38.Rfd3 Rc2  1/2-1/2

[Event "NRW-Cup Masters op"]
[Site "Muenster"]
[Date "1997.??.??"]
[Round "8"]
[White "Dydyshko, Viacheslav"]
[Black "Mainka, Romuald"]
[Result "1-0"]
[WhiteElo "2490"]
[BlackElo "2520"]

1.d4 f5 2.g3 Nf6 3.Bg2 g6 4.Nf3 Bg7 5.O-O O-O 6.c4 d6 7.Nc3 Qe8 8.d5 a5 9.Nd4 Na6
10.Bg5 Nc5 11.Qd2 Qf7 12.Bh6 Bxh6 13.Qxh6 Bd7 14.Qd2 Rac8 15.Rad1 a4 16.Qc2 Ng4
17.e3 g5 18.Nce2 Qh5 19.h3 Nf6 20.f3 g4 21.hxg4 fxg4 22.f4 c6 23.Nc3 cxd5
24.Nxd5 Nxd5 25.Bxd5+ Kg7 26.b4 axb3 27.axb3 e5 28.Nb5 Bxb5 29.cxb5 Qh3 30.Qg2 Qxg2+
31.Kxg2 b6 32.b4 Na4 33.Bc6 Nb2 34.Rxd6 Rfd8 35.Rd7+ Rxd7 36.Bxd7 Rc3 37.Re1 Nc4
38.Kf2 h5 39.Be8 Kh6 40.Re2 Nd6 41.Bc6 Kg6 42.fxe5 Nc4 43.e6 Kf6 44.Bd5 Nd6
45.e4 Ke5 46.Kg2 Rc8 47.Rf2 Nxe4 48.Bb7 Rb8 49.Bxe4 Kxe4 50.Rc2 Ra8 51.Kf2 Kd3
52.Re2 Rf8+ 53.Ke1 Re8 54.e7 Kd4 55.Kd2 Kd5 56.Kd3 Kd6 57.Rh2 Rxe7 58.Rxh5 Ra7
59.Kd4 Ra3 60.Rh6+ Kd7 61.Rxb6 Rxg3 62.Rg6 Kc7 63.b6+ Kb7 64.Kc5 Rf3 65.Rg7+ Kb8
66.Rxg4 Rf5+ 67.Kc6 Rf6+ 68.Kb5 Rf8 69.Rg7 Rf5+ 70.Ka6 Rf8 71.Rg6 Rc8 72.b5 Re8
73.b7 Rf8 74.Rc6  1-0

[Event "CZE-ch op"]
[Site "Nymburk"]
[Date "1997.??.??"]
[Round "?"]
[White "Voloshin, Leonid"]
[Black "Michalek, Jan"]
[Result "1-0"]
[WhiteElo "2430"]
[BlackElo "2275"]

1.d4 f5 2.g3 Nf6 3.Bg2 g6 4.Nf3 Bg7 5.O-O O-O 6.c4 d6 7.Nc3 Nc6 8.d5 Ne5
9.Nxe5 dxe5 10.e4 f4 11.b3 g5 12.Bb2 g4 13.Re1 Nh5 14.c5 a6 15.Rc1 Qe8 16.Rc2 Kh8
17.Nb1 Qf7 18.Na3 f3 19.Bf1 Nxg3 20.hxg3 Qh5 21.Qa1 Kg8 22.Nc4 Rf6 23.Bc1 Rg6
24.d6 exd6 25.cxd6 a5 26.Rd1 Ra6 27.Rd5 cxd6 28.Rxd6 Bd7 29.Rxa6 bxa6 30.Be3 Re6
31.Rd2 Bb5 32.Rd6 Re8 33.Qd1 Bf8 34.Rd8 Re6 35.Qd5 Qf7 36.Bc5 Be8 37.Bxf8 Kxf8
38.Rd6 Rxd6 39.Qxd6+  1-0

[Event "Ozery op1 Seniors"]
[Site "Ozery"]
[Date "1997.??.??"]
[Round "4"]
[White "Khasin, Abram"]
[Black "Vinogradov, Kirill B"]
[Result "1-0"]
[WhiteElo "2420"]
[BlackElo "2300"]

1.d4 f5 2.Nf3 Nf6 3.g3 g6 4.Bg2 Bg7 5.O-O O-O 6.c4 d6 7.Nc3 Nc6 8.Qc2 e5
9.dxe5 Nxe5 10.Nxe5 dxe5 11.Bg5 c6 12.Rad1 Qc7 13.b4 Be6 14.c5 h6 15.Rd6 Qf7
16.Bc1 Ne8 17.Rd2 Nc7 18.Rfd1 e4 19.e3 Nd5 20.Nxd5 Bxd5 21.Bf1 Be6 22.Bb2 Bxb2
23.Qxb2 g5 24.Rd6 Rae8 25.R1d4 Bd5 26.Rxh6 Re6 27.Rxe6 Qxe6 28.b5 f4 29.Qd2 a6
30.b6 Rf7 31.a3 Kf8 32.Qc3 Qf6 33.Be2 fxg3 34.fxg3 Qf2+ 35.Kh1 Qxe2 36.Qc1 Rf2  1-0

[Event "RUS-Cup4"]
[Site "Perm"]
[Date "1997.??.??"]
[Round "8"]
[White "Filippov, Valerij"]
[Black "Potapov, Alexander"]
[Result "1-0"]
[WhiteElo "2510"]
[BlackElo "2455"]

1.Nf3 f5 2.c4 Nf6 3.g3 g6 4.Bg2 Bg7 5.O-O O-O 6.d4 d6 7.Nc3 Qe8 8.Re1 c6
9.b3 Na6 10.Bb2 e5 11.e4 f4 12.Ba3 c5 13.Nb5 exd4 14.Nxd6 Qe7 15.e5 Ng4 16.Nxc8 Raxc8
17.Qxd4 Rce8 18.Qe4 g5 19.Rad1 Nb4 20.e6 Nf6 21.Qb1 fxg3 22.hxg3 Bh6 23.Bxb4 cxb4
24.Nd4 Ng4 25.Nf5 Qc5 26.Nxh6+ Nxh6 27.Re2 Ng4 28.Rd5 Qe7 29.Rd7 Qxd7 30.exd7 Rxe2
31.Qd1  1-0

[Event "POL-ch sf"]
[Site "Poraj "]
[Date "1997.??.??"]
[Round "10"]
[White "Kaszowski, Dariusz"]
[Black "Bartel, Mateusz"]
[Result "1-0"]
[WhiteElo "2245"]
[BlackElo "2135"]

1.d4 f5 2.g3 Nf6 3.Bg2 g6 4.Nf3 Bg7 5.O-O O-O 6.c4 d6 7.Nc3 Nc6 8.d5 Na5
9.Qd3 e5 10.dxe6 Bxe6 11.b3 Nc6 12.Bb2 Ng4 13.Qd2 h6 14.Nd5 Nge5 15.Nd4 Nxd4
16.Bxd4 c6 17.Nf4 Bf7 18.e4 g5 19.Ne2 fxe4 20.Bxe4 d5 21.Bg2 dxc4 22.Qc3 Re8
23.f4 Bh5 24.Bxe5 Bxe5 25.fxe5 Bxe2 26.Rf2 Qb6 27.Re1 Bd3 28.bxc4 Rad8 29.c5 Qc7
30.Qb3+ Kg7 31.e6 Bg6 32.Qc3+ Kh7 33.Rf6 Rd3 34.Qc2 Qg7 35.Rxg6  1-0

[Event "CRO-Cup"]
[Site "Pula"]
[Date "1997.??.??"]
[Round "?"]
[White "Biliskov, Vjekoslav"]
[Black "Bozanic, Ivica"]
[Result "1/2-1/2"]
[WhiteElo "2315"]
[BlackElo "2305"]

1.Nf3 f5 2.g3 Nf6 3.Bg2 g6 4.O-O Bg7 5.d4 O-O 6.c4 d6 7.Nc3 Nc6 8.d5 Na5
9.Qa4 c5 10.dxc6 bxc6 11.c5 d5 12.Ne5 Bd7 13.Nxd5 cxd5 14.Nxd7 Qxd7 15.Qxa5 Rab8
16.Rd1 e6 17.Rb1 Rfc8 18.Qa3 Rb5 19.Be3 Ng4 20.c6 Rxc6 21.Bxa7 Bf8 22.Qa4 Qb7
23.Bd4 Ra6 24.Qc2 Rxa2 25.h3 Nh6 26.Ra1 Rba5 27.Rxa2 Rxa2 28.Rc1 Ra8 29.Qd2 Nf7
30.Qe3 Qd7  1/2-1/2

[Event "Pula op"]
[Site "Pula"]
[Date "1997.??.??"]
[Round "7"]
[White "Galliamova, Alisa"]
[Black "Lutz, Christopher"]
[Result "0-1"]
[WhiteElo "2440"]
[BlackElo "2555"]

1.d4 f5 2.g3 Nf6 3.Bg2 g6 4.Nf3 Bg7 5.O-O O-O 6.c4 d6 7.Nc3 Qe8 8.Nd5 Nxd5
9.cxd5 Qb5 10.Ng5 c6 11.a4 Qb6 12.dxc6 bxc6 13.d5 c5 14.h4 Na6 15.h5 Rb8
16.hxg6 hxg6 17.e4 Qb3 18.Qe2 Nb4 19.exf5 Bxf5 20.Ra3 Qc2 21.Qxe7 Rbe8 22.Qxa7 Nd3
23.Be3 Qxb2 24.Raa1 Rxe3 25.fxe3 Qe5 26.e4 Qxg3 27.Qe7 Bd4+ 28.Kh1 Qh4+ 29.Bh3 Bf6
30.Qh7+ Qxh7 31.Nxh7 Bxe4+ 32.Bg2 Bxg2+ 33.Kxg2 Kxh7 34.Ra3 c4 35.a5 Kg7
36.a6 Ra8 37.Rb1 c3 38.Rb7+ Kh6 39.Rc7 Nc5 40.Ra1 Rxa6 41.Rh1+ Kg5 42.Kf3 c2
43.Rc1 Nb3  0-1

[Event "EU-chT (Men)"]
[Site "Pula"]
[Date "1997.??.??"]
[Round "7"]
[White "Stanec, Nikolaus"]
[Black "Yrjola, Jouni"]
[Result "1/2-1/2"]
[WhiteElo "2460"]
[BlackElo "2435"]

1.c4 f5 2.d4 Nf6 3.g3 g6 4.Bg2 Bg7 5.Nf3 O-O 6.O-O d6 7.Nc3 Qe8 8.Re1 Qf7
9.b3 Ne4 10.Bb2 Nc6 11.e3 e5 12.dxe5 dxe5 13.Nd5 Be6 14.Qe2 Rad8 15.Rad1 Rfe8
16.Ba1 Rd7 17.Nc3  1/2-1/2

[Event "EU-chT (Men)"]
[Site "Pula"]
[Date "1997.??.??"]
[Round "8"]
[White "Akesson, Ralf"]
[Black "Zeidler, Sven P"]
[Result "1-0"]
[WhiteElo "2515"]
[BlackElo "2255"]

1.Nf3 f5 2.g3 Nf6 3.Bg2 g6 4.O-O Bg7 5.d4 O-O 6.c4 d6 7.b3 Ne4 8.Bb2 Nc6
9.Ne1 e5 10.d5 Nb8 11.Qc2 Nf6 12.Nc3 f4 13.Nd3 Nh5 14.c5 Bf5 15.e4 Bd7 16.Rfe1 f3
17.Bf1 Qc8 18.Nd1 Bh3 19.cxd6 Bxf1 20.d7 Qxd7 21.Rxf1 Qh3 22.Ne1 g5 23.Ne3 g4
24.Qxc7 Bh6 25.Qxe5 Bxe3 26.fxe3 f2+ 27.Rxf2 Rxf2 28.Kxf2 Qxh2+ 29.Ng2 Na6
30.Qe6+ Kf8 31.Ba3+ Kg7 32.Qxg4+ Kf7 33.Rf1 Nf6 34.Ke1 Qxg2 35.Qe6+ Kg7 36.Qxf6+ Kg8
37.Qg5+ Kh8 38.Qe5+ Kg8 39.Bb2  1-0

[Event "Rome-ch"]
[Site "Rome"]
[Date "1997.??.??"]
[Round "3"]
[White "Vallifuoco, Giovanni"]
[Black "Passerotti, Pierluigi"]
[Result "0-1"]
[WhiteElo "2255"]
[BlackElo "2300"]

1.d4 f5 2.Nf3 Nf6 3.g3 g6 4.Bg2 Bg7 5.c4 O-O 6.O-O d6 7.Nc3 c6 8.b3 Qe8 9.Ba3 h6
10.Qc2 g5 11.Rae1 Qg6 12.c5 d5 13.Ne5 Qh7 14.f3 Nbd7 15.e4 fxe4 16.fxe4 Nxe5
17.dxe5 Nxe4 18.Rxf8+ Bxf8 19.Nxe4 Bf5 20.e6 Bg7 21.Bb2 dxe4 22.Bxg7 Qxg7
23.Bxe4 Qd4+ 24.Qf2 Qxf2+ 25.Kxf2 Rf8 26.Ke3 Bxe6 27.Kd4 Rf2 28.Ke5 Bg4 29.b4 Rxa2
30.b5 Bd7 31.Rd1 Be8 32.Rd8 Kf7 33.Rb8 Re2 34.Kd4 cxb5 35.Bf3 Rxh2 36.Rxb7 h5
37.Ke5 g4 38.Bd5+ Kf8 39.Rb8 Rc2 40.Kd4 e5+ 41.Kxe5 Rxc5 42.Kd6 Rc3 43.Be4 Rxg3
44.Bg6 Re3 45.Bxh5 g3 46.Bxe8 Rxe8 47.Rxb5 Re7 48.Rb8+ Kf7 49.Kd5 Kf6 50.Kd4 Kf5
51.Rg8 Kf4 52.Kd3 Kf3  0-1

[Event "WchT U26"]
[Site "Roque Saenz Pena"]
[Date "1997.??.??"]
[Round "1"]
[White "Dominguez, Mauricio"]
[Black "Shtanchaev, A."]
[Result "0-1"]
[WhiteElo "2145"]
[BlackElo "2440"]

1.d4 f5 2.Nf3 Nf6 3.c4 g6 4.g3 Bg7 5.Bg2 O-O 6.O-O d6 7.Nc3 Nc6 8.b3 Ne4
9.Bb2 e5 10.dxe5 Nxc3 11.Bxc3 Qe8 12.Qc2 dxe5 13.e4 f4 14.Rfd1 Bg4 15.Rd3 Rd8
16.Rad1 Nd4 17.Bxd4 exd4 18.c5 Kh8 19.h3 Bxf3 20.Bxf3 fxg3 21.fxg3 Qe5 22.Bg2 Bh6
23.Kh2 Be3 24.Qc4 h5 25.h4 g5 26.Rxe3 dxe3 27.Re1 gxh4 28.Rxe3 hxg3+ 29.Kh3 Rf4
30.Rxg3 Rg4 31.Rf3 Rdg8 32.Qc1 Rg3+ 33.Kh2 Rxg2+  0-1

[Event "Seefeld op"]
[Site "Seefeld"]
[Date "1997.??.??"]
[Round "?"]
[White "Schunk, Thomas"]
[Black "Kapferer, Romed"]
[Result "1-0"]
[WhiteElo "2310"]
[BlackElo "2135"]

1.c4 f5 2.Nf3 Nf6 3.g3 g6 4.Bg2 Bg7 5.O-O O-O 6.d4 d6 7.Nc3 c6 8.b3 Qa5 9.Qc2 e5
10.dxe5 dxe5 11.a3 e4 12.b4 Qc7 13.Bf4 Qe7 14.Nd2 Nh5 15.Be3 Re8 16.Rac1 Nd7
17.Kh1 Ne5 18.f3 exf3 19.exf3 Be6 20.Ne2 Kh8 21.Rfe1 Rad8 22.Nd4 Bg8 23.Bg1 Qf7
24.f4 Ng4 25.N4f3 Qd7 26.Nb3 Rxe1 27.Rxe1 Qd3 28.Qxd3 Rxd3 29.Nc5 Rxa3 30.Nxb7 Rb3
31.Nd6 Rxb4 32.Bxa7 h6 33.Nh4 Kh7 34.Bxc6 Bxc4 35.Bc5 Rb2 36.Nxc4 Rc2 37.Bd5 Nf2+
38.Bxf2 Rxf2 39.Bf7 Bf6 40.Bxg6+  1-0

[Event "Seefeld op"]
[Site "Seefeld"]
[Date "1997.??.??"]
[Round "?"]
[White "Grab, Ratko"]
[Black "Niedermayr, Horst"]
[Result "1-0"]
[WhiteElo "2040"]
[BlackElo "2230"]

1.d4 f5 2.Nf3 Nf6 3.g3 g6 4.Bg2 Bg7 5.O-O O-O 6.c4 d6 7.b3 a5 8.Bb2 c6 9.d5 Bd7
10.a4 Na6 11.Na3 Rc8 12.Rb1 Nb4 13.dxc6 bxc6 14.Nc2 Na6 15.Bc3 Ne4 16.Bxg7 Kxg7
17.b4 axb4 18.Nxb4 Nxb4 19.Rxb4 c5 20.Rb7 Bc6 21.Rb3 Qa5 22.Ra3 Kg8 23.Qc2 Bd7
24.Rfa1 Rb8 25.Nh4 Nf6 26.e4 fxe4 27.Bxe4 Nxe4 28.Qxe4 Rf7 29.Rf3 Rxf3 30.Nxf3 Qc3
31.Re1 Rf8 32.Ng5 Qd2 33.f4 e6 34.Re2 Qd1+ 35.Re1 Qd4+ 36.Qxd4 cxd4 37.a5 Ra8
38.Ra1 h6 39.Ne4 Bc6 40.Nxd6 Rb8 41.Nb5 d3 42.Kf2 d2 43.Ke2 Bxb5 44.cxb5 Rxb5
45.Kxd2 Rb7 46.a6 Ra7 47.Kc3  1-0

[Event "RUS-Cup8"]
[Site "Smolensk"]
[Date "1997.??.??"]
[Round "1"]
[White "Koniushkov, Igor"]
[Black "Malaniuk, Vladimir P"]
[Result "1/2-1/2"]
[WhiteElo "2405"]
[BlackElo "2610"]

1.d4 f5 2.g3 Nf6 3.Bg2 g6 4.Nf3 Bg7 5.O-O O-O 6.c4 d6 7.Nc3 c6 8.d5 e5 9.e4 c5
10.Ng5 fxe4 11.Ncxe4 Qe7 12.Nxf6+ Bxf6 13.Ne4 Bg7 14.Bg5 Qc7 15.Qd2 Bf5 16.Rae1 Nd7
17.h3 a6 18.Nc3 Nf6 19.f4 exf4 20.g4 Bd7 21.Bxf4 Rae8 22.Rxe8 Bxe8 23.Qe1 Bd7
24.Qg3 Ne8 25.b3 Qa5 26.Ne4 Qxa2 27.Nxd6 Nxd6 28.Bxd6 Bd4+ 29.Kh1 Rxf1+ 30.Bxf1 b5
31.Qf3 Qf2 32.Qxf2 Bxf2 33.Kg2  1/2-1/2